| 000 | 00382nam a2200145Ia 4500 | ||
|---|---|---|---|
| 005 | 20260328104246.0 | ||
| 008 | 260328s9999||||xx |||||||||||||| ||und|| | ||
| 100 | _aSuárez Salazar, Carlos | ||
| 245 | 0 |
_aCosto y tiempo en edificacion / _cCarlos Suárez Salazar |
|
| 250 | _a2a ed. | ||
| 260 | _bLimusa | ||
| 300 | _a451 p. | ||
| 650 | _aCONSTRUCCIÓN - PLANEAMIENTO | ||
| 942 | _cBK | ||
| 999 |
_c10083 _d10083 |
||